Nutrition : (Record no. 11539)

000 -LEADER
fixed length control field 00528cam a2200193 a 4500
020 ## - INTERNATIONAL STANDARD BOOK NUMBER
ISBN 0314597433 (pbk.)
040 ## - CATALOGING SOURCE
Transcribing agency DLC
082 00 - DEWEY DECIMAL CLASSIFICATION NUMBER
Classification number 613 WES 1988 A038 Or.
100 1# - MAIN ENTRY--AUTHOR NAME
Personal name Hamilton, Eva May Nunnelley.
245 10 - TITLE STATEMENT
Title Nutrition :
Remainder of title concepts and controversies /
250 ## - EDITION STATEMENT
Edition statement 4th ed. /
260 ## - PUBLICATION, DISTRIBUTION, ETC. (IMPRINT)
Place of publication St. Paul :
Name of publisher West Pub. Co,
Year of publication c1988.
300 ## - PHYSICAL DESCRIPTION
Number of Pages xvi, 736 p. :
Other physical details ill. (some col.) ;
Dimensions 26 cm.
650 #0 - SUBJECT ADDED ENTRY--TOPICAL TERM
Topical Term Nutrition.
650 #0 - SUBJECT ADDED ENTRY--TOPICAL TERM
Topical Term Food.
700 1# - ADDED ENTRY--PERSONAL NAME
Personal name Whitney, Eleanor Noss.
700 1# - ADDED ENTRY--PERSONAL NAME
Personal name Webb, Frances Sizer.
942 ## - ADDED ENTRY ELEMENTS (KOHA)
Koha item type សៀវភៅភាសាអង់គ្លេស
952 ## - LOCATION AND ITEM INFORMATION (KOHA)
Withdrawn status [LOCAL, KOHA] 0
Holdings
Permanent Location Date acquired Koha item type Lost status Shelving location Barcode Current Location Full call number
Library Block A2017-08-03សៀវភៅភាសាអង់គ្លេស A040A09715Library Block A613 WES 1988 A040 Or.
មជ្ឈមណ្ឌលឯការនៃសាកលវិទ្យាល័យភូមិន្ទកសិកម្មចំការដូង

Powered by Koha